| 000 | 00000nam##2200000za#4500 |
| 001 | 9.632371 |
| 003 | CaOODSP |
| 005 | 20210624214800 |
| 007 | cr ||||||||||| |
| 008 | 150407|2005||||xxc|||||o f|0| 0 fre|d |
| 020 | |a0-662-70702-8 |
| 040 | |aCaOODSP|bfre |
| 043 | |an-cn--- |
| 086 | 1 |aHS28-38/2005F-PDF |
| 110 | 1 |aCanada.|bRessources humaines et Développement des compétences Canada. |bPolitique stratégique et planification. |
| 245 | 10|aVérification de l'Initiative de revitalisation du secteur riverain de Toronto (IRSRT) |h[ressource électronique] |
| 260 | |aOttawa - Ontario : |bRessources humaines et Développement des compétences Canada. |c2005. |
| 590 | |a13-09-Supp|b2013-04-04 |
| 775 | 08|tAudit of the Toronto Waterfront Revitalization Initiative (TWRI) |w(CaOODSP)9.687931 |
| 856 | 40|ahttp://publications.gc.ca|qPDF|s255 KB|uhttps://publications.gc.ca/collections/collection_2013/rhdcc-hrsdc/HS28-38-2005-fra.pdf |
| 986 | |aSP-618-12-05F |